BUSINESS POLICY (Record no. 11228)

MARC details
000 -LEADER
fixed length control field 00270nam a22001337a 4500
003 - CONTROL NUMBER IDENTIFIER
control field SGT
082 ## - DEWEY DECIMAL CLASSIFICATION NUMBER
Classification number 658
Item number B93G
100 ## - MAIN ENTRY--PERSONAL NAME
Personal name GHOSH,P.K
245 ## - TITLE STATEMENT
Title BUSINESS POLICY
260 ## - PUBLICATION, DISTRIBUTION, ETC. (IMPRINT)
Place of publication, distribution, etc NEW DELHI
Name of publisher, distributor, etc SULTAN CHAND
Year of Publication 1993
300 ## - PAGE DESCRIPTION
No. of Pages 545
650 ## - SUBJECT ADDED ENTRY--TOPICAL TERM
Topical term or geographic name as entry element PHARMACY
942 ## - ADDED ENTRY ELEMENTS (KOHA)
Source of classification or shelving scheme Dewey Decimal Classification
Koha item type Books
Holdings
Withdrawn status Lost status Source of classification or shelving scheme Damaged status Use restrictions Not for loan Collection code Home library Current library Shelving location Date acquired Vendor Name Cost, normal purchase price SGTU Full call number Accession No. (Barcode) Date last seen Bill Date Koha item type
    Dewey Decimal Classification   Restricted Access   PHARMACY SGT FA-FP Library SGT FA-FP Library Reference Book 16/03/2017 AHUJA PUB 65.00 SGTU 658 B93G FP2288 16/03/2017 16/03/2017 Books